Capacitación y empleo de jovenes en América Latina
Gorde:
| Egile nagusia: | |
|---|---|
| Formatua: | Liburua |
| Hizkuntza: | gaztelania |
| Argitaratua: |
Montevideo
Cinterfor
1995
|
| Gaiak: | |
| Etiketak: |
Etiketa erantsi
Etiketarik gabe, Izan zaitez lehena erregistro honi etiketa jartzen!
|
MARC
| LEADER | 00000nam a2200000 a 4500 | ||
|---|---|---|---|
| 001 | UCU4850 | ||
| 003 | CL-VaPUC | ||
| 008 | 960531e19950000UY |||||||||||||||||spa|d | ||
| 082 | 0 | 4 | |a 371.425 |b ROD |2 21 |
| 100 | 0 | |a Rodríguez, Ernesto |e author |9 362540 | |
| 245 | 1 | 0 | |a Capacitación y empleo de jovenes en América Latina |
| 300 | |a 128 p | ||
| 942 | |c BK | ||
| 945 | |d 19960531 00:00:00 |a rbrito | ||
| 260 | |a Montevideo |b Cinterfor |c 1995 | ||
| 650 | 0 | |a Orientación profesional |9 308504 | |
| 650 | 7 | |a EDUCACION Y EMPLEO |2 CL-VaPUC |9 338744 | |
| 650 | 7 | |a ELECCION DE UNA OCUPACION |2 CL-VaPUC |9 338745 | |
| 650 | 7 | |a ENSEÑANZA PROFESIONAL |2 CL-VaPUC |9 362541 | |
| 650 | 0 | |a Transición a la vida activa |9 356358 | |
| 650 | 7 | |a ORIENTACION PEDAGOGICA |2 CL-VaPUC |9 334838 | |
| 583 | |a last modification |c 19960531 00:00:00 |k Rodrigo Vera | ||
| 999 | |c 248382 |d 248380 | ||
| 952 | |0 0 |1 0 |4 0 |6 371_425000000000000_ROD_1995 |7 0 |8 P |9 264978 |a BIBEDU |b BIBEDU |c BIBEDU_PB |d 2019-11-19 |i 3204499 |o 371.425 ROD 1995 |p 3204499 |r 2024-01-25 |w 2019-11-19 |y BK |k EDU | ||